| 000 | 00555nam a22001937a 4500 | ||
|---|---|---|---|
| 999 |
_c20147 _d20147 |
||
| 003 | AR-CdUCM | ||
| 008 | 190225b ||||| |||| 00| 0 spa d | ||
| 040 |
_aMUNICIPALIDAD PROVINCIAL DEL CUSCO _cBIBLIOTECA MUNICIPAL DEL CUSCO |
||
| 082 |
_a891 / _bM17 |
||
| 100 |
_aMaiakovski, Vladimir _914769 |
||
| 245 | _aAntologia poetica / | ||
| 260 |
_aLima : _bUNMSM _c1982. |
||
| 300 |
_a158 páginas ; _c18 cm. |
||
| 505 | _aContenido: Epístolas y poemas | ||
| 650 |
_aPoesías _914363 |
||
| 650 |
_aLiteratura _983 |
||
| 942 |
_2ddc _cLIBROS |
||
| 945 | _arcc | ||